000
00304nam a22001337a 4500
003
MPLRDC
005
20220104184753.0
008
210129b ||||| |||| 00| 0 eng d
082
_a
DISC
100
_a
侯文咏
245
_a
顽皮故事集--1 DISC
_c
650
_a
现代别集
942
_c
CDA
_o
DISC
999
_c
63024
_d
63014